The wages of whiteness : race and the making of the American working class = El salario de la blancura: la raza y la realización de la clase obrera norteamericana /
Uloženo v:
| Hlavní autor: | |
|---|---|
| Médium: | Neznámo |
| Jazyk: | English |
| Vydáno: |
New York :
Verso,
1991.
|
| Témata: | |
| Tagy: |
Přidat tag
Žádné tagy, Buďte první, kdo vytvoří štítek k tomuto záznamu!
|
MARC
| LEADER | 000000000a22000000004500 | ||
|---|---|---|---|
| 001 | 014279 | ||
| 020 | |a 0860915506 | ||
| 041 | 0 | |a eng | |
| 082 | 0 | 4 | |a 305.80 |b R712w |
| 100 | 1 | |a Roediger, David R. | |
| 245 | 1 | 4 | |a The wages of whiteness : |b race and the making of the American working class = El salario de la blancura: la raza y la realización de la clase obrera norteamericana / |c David R. Roediger. |
| 246 | 3 | 1 | |a El salario de la blancura: la raza y la realización de la clase obrera norteamericana |
| 260 | 1 | |a New York : |b Verso, |c 1991. | |
| 300 | |a 191 páginas | ||
| 650 | 4 | |a DISCRIMINACION LABORAL | |
| 650 | 4 | |a RACISMO | |
| 650 | 4 | |a ESTADOS UNIDOS | |
| 500 | |a Colección George Yúdice | ||
| 999 | |c 20173 |d 20173 | ||
| 942 | |c BK |h 305.80 R712w |2 z | ||



